000 00671nam a2200193Ia 4500
003 GCL
008 140319s9999 xx 000 0 ara d
040 _aGCL /
_cGCL
082 0 4 _a811.72
_bا س
100 1 _aاسماعيل قربان حسين يوناوالا
245 1 0 _aالسلطان الخطاب : حياته وشعره /
_cاسماعيل قربان حسين يوناوالا
300 _a362
490 _aمكتبة الدراسات الأدبية : 42
_v0
650 0 4 _aالادب العربى
650 0 4 _aالشعر العربى - تاريخ ونقد
650 0 4 _aالادباء
650 0 4 _aالشعر العربى - تاريخ
942 _2ddc
_cBK
999 _c43603
_d43603